000 01094nam a2200289 a 4500
008 110830s2010 ag a f |||| 001 0 spa d
020 _a9871259026
041 _aspa
092 _c616.4
_l16
_sDIA
245 _aDiagnóstico y terapéutica en endocrinología ginecológica y reproductiva /
_cInés De la Parra
250 _a1a ed. 3a reimp.
260 _aBuenos Aires:
_bJournal;
_c2010.
300 _a846 p.
_c28x20 cm.
500 _aDe la Parra, I., Cortelezzi, M. E. y Lombardi, E. P. (Coords.). (2010). Diagnóstico y terapéutica en endocrinología ginecológica y reproductiva. (1a ed.). Buenos Aires : Journal.
590 _aProyecto PROMED, Junio 2012
653 _aLaboratorio bioquímico
653 _aFisiología
653 _aPubertad - Adolescencia
653 _aMadurez sexual - Reproducción
653 _aClimaterio
653 _aAnticoncepción
653 _aVademécum endocrinológico
700 1 _aDe la Parra, Inés
_eCoord.
_91712
700 1 _aCortelezzi, Marta Elena
_eCoord.
_91713
700 1 _aLombardi, Eduardo Pedro
_eCoord.
_91714
942 _2ddc
_cBK
999 _c1036
_d1036